• 首页
  • 本馆介绍
  • 公告通知
  • 最新文献
  • 馆藏检索
  • 电子资源
  • 读者导购
  • 参考咨询
  • 我的图书馆
  • 登录
  • 详细信息显示
  • 放入我的书架
  • 预约/预借图书
  • 作者相关作品
  • 分类相关作品
  • 丛书相关作品
  • 出版社相关作品

书目信息

  • 表格格式
  • 工作单格式
  • 卡片格式
题名:
大学体育与健康
    
 
作者: 陈富强 , 洪涛 , 王旭东 主编
分册:  
出版信息: 北京   高等教育出版社  2020.9
页数: 383页
开本: 26cm
丛书名:
单 册:
中图分类: G8 , G647.9
科图分类:
主题词: 体育--高等学校--教材 , 健康教育--高等学校--教材
电子资源:
ISBN: 978-7-04-050149-0
000 01007nam0 2200301 45
001 012001001813
005 20141011145901.0
010    @a978-7-04-050149-0@dCNY44.20
100    @a20181024d2018 em y0chiy50 ea
101 0  @achi
102    @aCN@b110000
105    @aa az 000yy
106    @ar
200 1  @a大学体育与健康@Ada xue ti yu yu jian kang@b专著@f陈富强,洪涛,王旭东主编
210    @a北京@c高等教育出版社@d2020.9
215    @a383页@c图@d26cm
300    @a普通高等学校公共体育新形态教材
320    @a有书目(第362-363页)
330    @a本书分为健身理论篇和运动技术篇两篇内容,健身理论篇内容为大学生的必须掌握的体育基础理论知识,运动技术篇内容为普通高等学校公共体育普遍开展的项目。
606 0  @a体育@x高等学校@j教材
606 0  @a健康教育@x高等学校@j教材
690    @aG8@v5
690    @aG647.9@v5
701  0 @a陈富强@Achen fu qiang@4主编
701  0 @a洪涛@Ahong tao@4主编
701  0 @a王旭东@Awang xu dong@4主编
801  2 @aCN@b江苏凤凰@c20211018
905    @b1345819-22@dG8@e930@f4
    
    大学体育与健康/陈富强,洪涛,王旭东主编.-北京:高等教育出版社,2020.9
    383页:图;26cm
    普通高等学校公共体育新形态教材
    
    ISBN 978-7-04-050149-0:CNY44.20
    本书分为健身理论篇和运动技术篇两篇内容,健身理论篇内容为大学生的必须掌握的体育基础理论知识,运动技术篇内容为普通高等学校公共体育普遍开展的项目。
●
相关链接 在E读中查询图书 在五车中查询图书 在当当中查询图书 在豆瓣中查询图书


正题名:大学体育与健康     索取号:G8/930         预约/预借

序号 登录号 条形码 馆藏地/架位号 状态 备注
1 1345819   213458195   第一样本阅览室/ [索取号:G8/930] 在馆    
2 1345820   213458202   第四借阅区/ [索取号:G8/930] 在馆    
3 1345821   213458211   第四借阅区/ [索取号:G8/930] 在馆    
4 1345822   213458220   第四借阅区/ [索取号:G8/930] 在馆    
唐山师范学院图书馆 欢迎您!
大连网信软件有限公司© 版权所有